| 000 | 02327nam a2200229Ia 4500 | ||
|---|---|---|---|
| 003 | Ost | ||
| 005 | 20260507075008.0 | ||
| 008 | 260507s9999||||xx |||||||||||||| ||und|| | ||
| 040 | _cfsecg | ||
| 041 | _aara | ||
| 082 | _a338.7 | ||
| 100 |
_aعبد الرحيم، محمد ابراهيم _eمؤلف |
||
| 245 | 0 |
_aالمتغيرات العالمية للمنظمات : _bالخصخصة-العولمة-الاقتصاد المعرفي / _c محمد ابراهيم عبد الرحيم |
|
| 260 |
_aالاسكندرية: _bمؤسسة شباب الجامعة, _c2007 |
||
| 300 |
_a208 صفحة؛ _c24 سم |
||
| 504 | _aبيبليوغرافيا: ص.201 | ||
| 520 | _aيتناول الكاتب في القسم الاول الخصخصة ونظرة حول تقييم القطاع العام الصناعي الخصخصة وحوافز البالون، وماذا بعد الخصخصة، الخصخصة وتسعير الاصول ، أساليب تسعير وتقييم الشركات، تقييم الاصول الغير ملموسة وشهرة المحل .الخصخصة وعقد التنمية الضائع، دور المجتمع الدولي لنجاح الخصخصة كما تناول في القسم الثاني العولمة وعولمة رأس المال الصناعي والتكنولوجيا ، التدقيق والفساد المالي العالمي، الازمات المالية وطننة عولمة ام امركة المديونية في منظور الاعتماد علي الذات، أثر ضريبة الطاقة علي الاستتمار الصناعي كما تطرق في القسم الثالث (من الاقتصاد الصناعي الي الاقتصاد المعرفي) و الصناعات الصغيرة بين الحلم والواقع، الصناعات الصغيرة والاستراتيجية الاعنماد علي الدات، دور الصناعات الصغيرة في الصادرات الصناعية، تقييم صلاحية جدوي المشروع، صافي القيمة الحالية ومعدل العائد باستمرار، تحديت الصناعة، الصناعة و التكنولوجيا، نظرة حول الاقتصاد المعرفي. | ||
| 653 | _aالقطاع الخاص | ||
| 653 | _aالمؤسسات العامة | ||
| 653 | _aعولمة | ||
| 942 | _cكتاب | ||
| 999 |
_c42138 _d42138 |
||